<?xml version="1.0" encoding="UTF-8"?>
<record
    xmlns:xsi="http://www.w3.org/2001/XMLSchema-instance"
    xsi:schemaLocation="http://www.loc.gov/MARC21/slim http://www.loc.gov/standards/marcxml/schema/MARC21slim.xsd"
    xmlns="http://www.loc.gov/MARC21/slim">

  <leader>01231naa a2200217 i 4500</leader>
  <controlfield tag="001">BPP</controlfield>
  <controlfield tag="003">BPK</controlfield>
  <controlfield tag="005">20151006104258.0</controlfield>
  <controlfield tag="008">151006s2004    pl     f     |000 0 pol</controlfield>
  <datafield tag="040" ind1=" " ind2=" ">
    <subfield code="c">BPK</subfield>
  </datafield>
  <datafield tag="080" ind1=" " ind2=" ">
    <subfield code="a">005.6</subfield>
  </datafield>
  <datafield tag="100" ind1=" " ind2=" ">
    <subfield code="a">KO&#x141;ODZIEJCZYK, Bartosz.</subfield>
    <subfield code="d">1999 - .</subfield>
    <subfield code="b">Politechnika Koszali&#x144;ska - Wydzia&#x142; Ekonomii i Zarz&#x105;dzania,</subfield>
    <subfield code="c">Katedra Organizacji i Zarz&#x105;dzania</subfield>
  </datafield>
  <datafield tag="245" ind1=" " ind2=" ">
    <subfield code="a">Zarz&#x105;dzanie przez jako&#x15B;&#x107; jako jeden z element&#xF3;w usprawniaj&#x105;cych procesy w ma&#x142;ych i &#x15B;rednich przedsi&#x119;biorstwach /</subfield>
    <subfield code="c">Bartosz Ko&#x142;odziejczyk.</subfield>
  </datafield>
  <datafield tag="260" ind1=" " ind2=" ">
    <subfield code="c">2004.</subfield>
  </datafield>
  <datafield tag="500" ind1=" " ind2=" ">
    <subfield code="a">Dane z autopsji.</subfield>
  </datafield>
  <datafield tag="520" ind1=" " ind2=" ">
    <subfield code="a">Procesy logistyczne, b&#x119;d&#x105;ce integraln&#x105; cz&#x119;&#x15B;ci&#x105; zjawisk, jak system organizacji produkcji, filozofia i sposoby my&#x15B;lenia o zarz&#x105;dzaniu przedsi&#x119;biorstwem, podlegaj&#x105; optymalizacji i nadzorowaniu na r&#xF3;wni z wszystkimi innymi procesami obserwowanymi i zarz&#x105;dzanymi w przedsi&#x119;biorstwie.</subfield>
  </datafield>
  <datafield tag="650" ind1=" " ind2="0">
    <subfield code="a">Logistyka.</subfield>
  </datafield>
  <datafield tag="650" ind1=" " ind2="0">
    <subfield code="a">Zarz&#x105;dzanie jako&#x15B;ci&#x105;.</subfield>
  </datafield>
  <datafield tag="773" ind1=" " ind2=" ">
    <subfield code="i">W :</subfield>
    <subfield code="t">Teoria i praktyka modelowania system&#xF3;w logistycznych. -</subfield>
    <subfield code="d">Koszalin : Wydaw. Uczelniane Politechniki Koszali&#x144;skiej, 2004. -</subfield>
    <subfield code="g">s. 356-365</subfield>
    <subfield code="k">Monografia Wydzia&#x142;u Ekonomii i Zarz&#x105;dzania / Politechnika Koszali&#x144;ska ; nr 99</subfield>
  </datafield>
  <datafield tag="942" ind1=" " ind2=" ">
    <subfield code="c">ART</subfield>
    <subfield code="2">UKD</subfield>
  </datafield>
  <datafield tag="999" ind1=" " ind2=" ">
    <subfield code="c">587</subfield>
    <subfield code="d">587</subfield>
  </datafield>
</record>
